Ekonomika promyšlennych issledovanij i razrabotok

Salvato in:
Dettagli Bibliografici
Natura: Libro
Lingua:russo
Pubblicazione: Moskva Progress 1983
Tags: Aggiungi Tag
Nessun Tag, puoi essere il primo ad aggiungerne!!

MARC

LEADER 00000nam a2200000 4500
001 c107406
005 20240911093809.1
041 0 |a rus 
044 |a RU 
245 1 0 |a Ekonomika promyšlennych issledovanij i razrabotok  |c [Perevod s nemeckogo V.N. Bencianova] 
264 1 |a Moskva  |b Progress  |c 1983 
300 |a 525 s.